Expressions avec "aller" - Statistiques

Statistiques générales
  • Ce quiz a été pris 144 fois
  • Le résultat moyen est 18 sur 60
Statistiques - réponses
Hint Réponse % Correct
Progresser Aller de l'{avant}
83%
Négligence {Laisser}-aller
81%
Se négliger Se {laisser} aller
81%
wc Aller aux {toilettes}
70%
Faire un alinéa Aller à la {ligne}
69%
Double trajet Aller-{retour}
69%
Guérir Aller {mieux}
67%
Violemment Ne pas y aller de {main} {morte}
63%
Etre renvoyé Aller se faire {voir}
61%
Sans obstacle Aller comme sur des {roulettes}
58%
Voter Aller aux {urnes}
57%
Droit au but Ne pas y aller par {quatre} {chemins}
55%
Sortir Aller {dehors}
54%
Etre en forme {Bien} aller
52%
Etre expéditif Aller vite en {besogne}
51%
Bouger Aller et {venir}
45%
Franchir les limites Aller {trop} loin
45%
Assister au culte Aller à l'{église}
44%
Le soir... pour les petits Aller au {dodo}
39%
Sans détour Aller {droit} au {but}
38%
Très très vite Aller plus vite que le {vent}
38%
Len te ment Aller comme un {escargot}
36%
A l'école Aller en {classe}
34%
Exagérer Y aller {fort}
33%
Informations Aller aux {nouvelles}
32%
Mourir Aller au {ciel}
31%
Idéal Aller comme un {gant}
31%
Quitter la route Aller dans le {décor}
29%
Etre renvoyé Aller se faire {voir} chez les {Grecs}
28%
Evidence Aller de {soi}
25%
Suivre son cours Aller son {train}
25%
Dernier recours {Pis}-aller
21%
Vaquer à ses habitudes Aller son petit {bonhomme} de {chemin}
20%
Prudemment Aller à {tâtons}
17%
Tomber Aller au {sol}
15%
Se dégradant Aller à {vau}-l'{eau}
15%
Evacuer Aller à la {selle}
14%
Assumer Aller au {bout} de ses {idées}
14%
Urgence Aller au plus {pressé}
14%
Ensemble Aller de {pair}
14%
Se dissiper S'en aller en {fumée}
13%
Etre sincère Aller au {bout} de sa {pensée}
12%
Interjeter Aller en {appel}
12%
A la renconre Aller {au-devant} de
11%
Tourner court S'en aller en {eau} de {boudin}
9%
Rivage Aller à la {côte}
8%
En sens contraire Aller à {rebours}
5%
Femme Aller à {dame}
4%
Disparaitre Aller {ad} {patres}
3%
Approximation Aller {chercher} dans les...
3%
Réussir Aller {loin}
3%
Voir Aller {trouver} quelqu'un
3%
A l'essentiel Aller au {fait}
2%
Renoncer Aller se {rhabiller}
2%
Emouvoir Aller {droit} au {coeur}
1%
En avant Aller en {reconnaissance}
1%
Très vite Aller à {bride} {abattue}
0%
Se promener Aller {deçà}, {delà}
0%
Quitter son emploi Aller {planter} ses {choux} ailleurs
0%
Rivalité Aller sur les {brisées} d'un autre
0%
Aucun quiz correspondant
Distribution des résultats
% des personnes avec chaque résultat
Percentile par nombre de réponses
Votre historique - résultats
Vous n’avez pas pris ce quiz